Places To Study

There are group study rooms, individual study carrels, computer labs, and other spaces to study in the Libraries.

Reserve A Group Room

Online Resources

Access thousands of eBooks, audiobooks, and online journals from the comfort of your home.

Explore Resources

Events and Workshops

Join our upcoming events and workshops to enhance your skills and knowledge.

View Events

အဋ္ဌသာလိနီပို့ချချက်မှတ်တမ်း / (Record no. 2740)

MARC details
000 -LEADER
fixed length control field 00791nam a22001697a 4500
003 - CONTROL NUMBER IDENTIFIER
control field OSt
005 - DATE AND TIME OF LATEST TRANSACTION
control field 20251217083719.0
008 - FIXED-LENGTH DATA ELEMENTS--GENERAL INFORMATION
fixed length control field 251217b |||||||| |||| 00| 0 eng d
040 ## - CATALOGING SOURCE
Transcribing agency DCL
082 ## - DEWEY DECIMAL CLASSIFICATION NUMBER
Classification number ၂၉၄.၃၈၂၄၁
100 0# - MAIN ENTRY--PERSONAL NAME
Personal name ဇောတိကာဘိဝံသ၊
Titles and words associated with a name ဘဒ္ဒန္တ-
245 10 - TITLE STATEMENT
Title အဋ္ဌသာလိနီပို့ချချက်မှတ်တမ်း /
Statement of responsibility, etc. ဘဒ္ဒန္တဇောတိကာဘိဝံသ။
264 ## - PRODUCTION, PUBLICATION, DISTRIBUTION, MANUFACTURE, AND COPYRIGHT NOTICE
Place of production, publication, distribution, manufacture ရန်ကုန် ၊
Name of producer, publisher, distributor, manufacturer ပဉ္စဂံစာအုပ်တိုက်၊
Date of production, publication, distribution, manufacture, or copyright notice ၂၀၁၆။
300 ## - PHYSICAL DESCRIPTION
Extent ၃၆၈ စာမျက်နှာ ၊
Dimensions ၂၆ စင်တီ။
650 ## - SUBJECT ADDED ENTRY--TOPICAL TERM
Topical term or geographic name entry element အဋ္ဌသာလိနီ
Form subdivision ဘာသာဋီကာ။
942 ## - ADDED ENTRY ELEMENTS (KOHA)
Source of classification or shelving scheme Dewey Decimal Classification
Koha item type Short Term
Suppress in OPAC No
Holdings
Withdrawn status Lost status Source of classification or shelving scheme Damaged status Not for loan Collection Accession No. Home library Current library Shelving location Date acquired Total checkouts Full call number Barcode Date last seen Price effective from Koha item type
    Dewey Decimal Classification     Myanmar Collection ၆၁၆၆ Dhammadhara Dhammadhara Myanmar Shelves 17/12/2025   ၂၉၄.၃၈၂၄၁ ဇော ၆၁၆၆ MB00006166 17/12/2025 17/12/2025 Short Term